<?xml version="1.0" encoding="UTF-8"?>
<collection xmlns="http://www.loc.gov/MARC21/slim">
    <record>
        <controlfield tag="001">74990</controlfield>
        <controlfield tag="005">20200221144315.0</controlfield>
        <datafield tag="024" ind1="8" ind2=" ">
            <subfield code="2">sideral</subfield>
            <subfield code="a">96803</subfield>
        </datafield>
        <datafield tag="037" ind1=" " ind2=" ">
            <subfield code="a">ART-2016-96803</subfield>
        </datafield>
        <datafield tag="041" ind1=" " ind2=" ">
            <subfield code="a">spa</subfield>
        </datafield>
        <datafield tag="100" ind1=" " ind2=" ">
            <subfield code="0">(orcid)0000-0001-6261-3724</subfield>
            <subfield code="a">Salas Valero, Montserrat</subfield>
        </datafield>
        <datafield tag="245" ind1=" " ind2=" ">
            <subfield code="a">Proyectos internacionales de bibliotecas virtuales en ciencias de la salud: características y buenas prácticas</subfield>
        </datafield>
        <datafield tag="260" ind1=" " ind2=" ">
            <subfield code="c">2016</subfield>
        </datafield>
        <datafield tag="506" ind1="0" ind2=" ">
            <subfield code="a">Access copy available to the general public</subfield>
            <subfield code="f">Unrestricted</subfield>
        </datafield>
        <datafield tag="520" ind1="3" ind2=" ">
            <subfield code="a">Se analizan las características de un conjunto representativo de bibliotecas virtuales internacionales en ciencias de la salud y se identifican buenas prácticas que puedan extrapolarse a un modelo nacional en España. Para ello se seleccionaron proyectos de países con una gestión sanitaria descentralizada similar a la española. Se analizaron las variables: estructura, financiación, contenidos, coordinación de procesos y órganos de trabajo interbibliotecario; y se identificaron buenas prácticas que susceptibles de ser aplicadas a un modelo nacional, destacando la centralización de procesos y la presencia de órganos de cooperación interbibliotecaria.

The characteristics of a representative set of Health Sciences virtual libraries were analyzed with the further aim of identifying good practices that could be to put into practice in the Spanish context. Projects were selected in countries with a decentralized health management system similar the Spanish one. The following variables were analyzed: structure, financing, content, process coordination and interlibrary cooperation bodies. Also, good practices that can be applied to the Spanish national model were identified, of which we highlight the centralization of processes and the presence of organisms or interlibrary cooperation.</subfield>
        </datafield>
        <datafield tag="540" ind1=" " ind2=" ">
            <subfield code="9">info:eu-repo/semantics/openAccess</subfield>
            <subfield code="a">by</subfield>
            <subfield code="u">http://creativecommons.org/licenses/by/3.0/es/</subfield>
        </datafield>
        <datafield tag="592" ind1=" " ind2=" ">
            <subfield code="a">0.124</subfield>
            <subfield code="b">2016</subfield>
        </datafield>
        <datafield tag="593" ind1=" " ind2=" ">
            <subfield code="a">Communication</subfield>
            <subfield code="c">2016</subfield>
            <subfield code="d">Q4</subfield>
        </datafield>
        <datafield tag="593" ind1=" " ind2=" ">
            <subfield code="a">Library and Information Sciences</subfield>
            <subfield code="c">2016</subfield>
            <subfield code="d">Q4</subfield>
        </datafield>
        <datafield tag="593" ind1=" " ind2=" ">
            <subfield code="a">Information Systems</subfield>
            <subfield code="c">2016</subfield>
            <subfield code="d">Q4</subfield>
        </datafield>
        <datafield tag="593" ind1=" " ind2=" ">
            <subfield code="a">Computer Networks and Communications</subfield>
            <subfield code="c">2016</subfield>
            <subfield code="d">Q4</subfield>
        </datafield>
        <datafield tag="655" ind1=" " ind2="4">
            <subfield code="a">info:eu-repo/semantics/article</subfield>
            <subfield code="v">info:eu-repo/semantics/publishedVersion</subfield>
        </datafield>
        <datafield tag="700" ind1=" " ind2=" ">
            <subfield code="0">(orcid)0000-0001-8568-3098</subfield>
            <subfield code="a">Salvador Oliván, José Antonio</subfield>
            <subfield code="u">Universidad de Zaragoza</subfield>
        </datafield>
        <datafield tag="710" ind1="2" ind2=" ">
            <subfield code="1">3011</subfield>
            <subfield code="2">040</subfield>
            <subfield code="a">Universidad de Zaragoza</subfield>
            <subfield code="b">Dpto. Ciencias Doc. Hª Ciencia</subfield>
            <subfield code="c">Área Biblioteconomía y Docum.</subfield>
        </datafield>
        <datafield tag="773" ind1=" " ind2=" ">
            <subfield code="g">10, 2 (2016), 79-90</subfield>
            <subfield code="p">Ibersid</subfield>
            <subfield code="t">IBERSID-REVISTA DE SISTEMAS DE INFORMACION Y DOCUMENTACION</subfield>
            <subfield code="x">1888-0967</subfield>
        </datafield>
        <datafield tag="856" ind1="4" ind2=" ">
            <subfield code="s">148511</subfield>
            <subfield code="u">http://zaguan.unizar.es/record/74990/files/texto_completo.pdf</subfield>
            <subfield code="y">Versión publicada</subfield>
        </datafield>
        <datafield tag="856" ind1="4" ind2=" ">
            <subfield code="s">122958</subfield>
            <subfield code="u">http://zaguan.unizar.es/record/74990/files/texto_completo.jpg?subformat=icon</subfield>
            <subfield code="x">icon</subfield>
            <subfield code="y">Versión publicada</subfield>
        </datafield>
        <datafield tag="909" ind1="C" ind2="O">
            <subfield code="o">oai:zaguan.unizar.es:74990</subfield>
            <subfield code="p">articulos</subfield>
            <subfield code="p">driver</subfield>
        </datafield>
        <datafield tag="951" ind1=" " ind2=" ">
            <subfield code="a">2020-02-21-13:39:06</subfield>
        </datafield>
        <datafield tag="980" ind1=" " ind2=" ">
            <subfield code="a">ARTICLE</subfield>
        </datafield>
    </record>

    
</collection>